00832cam a22002294a 450000100090000000300040000900500170001300800410003001000170007102000150008804000180010304200080012105000270012908200250015624501750018126000380035630000290039450000630042350400510048665000350053770000300057212011986OSt20170123155501.0000518s2001 nyu be 001 0 eng  a 00041696  a0140514864 aDLCcDLCdDLC apcc00aRA644.A25bE5276 200100a362.1/969792/00322100aEncyclopedia of AIDS :ba social, political, cultural, and scientific record of the HIV epidemic /cedited by Raymond A. Smith ; forewords by James W. Curran, Peter Piot. aNew York :bPenguin Books,c2001. axxxiii, 782 p. ;c24 cm. aPreviously published by: Chicago : Fitzroy Dearborn, 1998. aIncludes bibliographical references and index. 0aAIDS (Disease)vEncyclopedias.1 aSmith, Raymond A.,d1967-